Disseny curricular per a l'elaboració de programes de desenvolupament individual
ISBN:
84-393-0295-9
Publicado:
Barcelona :
Generalitat de Catalunya. Departament d'Ensenyament. Secretaria General ,
1984
Descripción Física:
6 v. ; 30 cm
Materias:
Educació especial
MARC
| LEADER | 00000nam a2200000Ia 4500 | ||
|---|---|---|---|
| 001 | 1304, 1305, 1306, 1307, 1308, 1309 | ||
| 003 | BGR | ||
| 005 | 20260324175603.0 | ||
| 008 | 160829s1984 xx 000 0 cat d | ||
| 020 | |a 84-393-0295-9 (o.c.), 84-393-0345-9 (v.1), 84-393-0296-7 (v.2), 84-393-0374-2 (v.3), 84-393-0366-1 (v.4), 84-393-0404-8 (v.5), 84-393-0375-0 (v.6) | ||
| 080 | |a FU-18-20, E-1-27, E-1-28, E-1-29, E-1-30, E-1-31 | ||
| 245 | |a Disseny curricular per a l'elaboració de programes de desenvolupament individual | ||
| 260 | |a Barcelona : |b Generalitat de Catalunya. Departament d'Ensenyament. Secretaria General, |c 1984 | ||
| 300 | |a 6 v. ; |c 30 cm | ||
| 650 | |a Educació especial |9 29221 | ||
| 710 | |a Catalunya. |b Departament d'Ensenyament |9 52899 | ||
| 710 | 1 | |a Grup Assessor Central del Disseny Curricular (Barcelona) |9 71009 | |
| 901 | |a Arxiu | ||
| 942 | |n 1 |2 udc |c MON | ||
| 952 | |0 0 |1 0 |4 0 |6 FU1820_E127_E128_E129_E130_E131 |7 1 |9 46434 |a Arxiu |b Arxiu |d 2016-12-01 |l 0 |o FU-18-20, E-1-27, E-1-28, E-1-29, E-1-30, E-1-31 |p 1304, 1305, 1306, 13 |r 2016-12-01 00:00:00 |w 2016-12-01 |y ARXIU | ||
| 999 | |c 50219 |d 50219 | ||